Biggest Lakes of the World - Statistics

General Stats
  • This quiz has been taken 24 times
  • The average score is 13 of 20
Answer Stats
Picture Hint Answer % Correct
82,100 km²/31,700 sq mi Superior
96%
59,940 km²/23,140 sq mi Victoria
96%
389,000 km²/150,000 sq mi Caspian Sea
91%
59,590 km²/23,010 sq mi Huron
91%
18,970 km²/7,320 sq mi Ontario
91%
58,030 km²/22,410 sq mi Michigan
87%
31,722 km²/12,248 sq mi Baikal
78%
25,667 km²/9,910 sq mi Erie
78%
29,600 km²/11,400 sq mi Malawi
74%
8,264 km²/3,191 sq mi Nicaragua
70%
27,200 km²/10,500 sq mi Great Slave Lake
65%
32,900 km²/12,700 sq mi Tanganyika
65%
8,372 km²/3,232 sq mi Titicaca
65%
31,153 km²/12,028 sq mi Great Bear Lake
61%
24,514 km²/9,465 sq mi Winnipeg
57%
17,700 km²/6,800 sq mi Ladoga
43%
9,700 km²/3,700 sq mi Onega
39%
12,500 km²/4,800 sq mi Vostok
35%
7,850 km²/3,030 sq mi Athabasca
30%
16,400 km²/6,300 sq mi Balkhash
30%
No matching quizzes found
Score Distribution
Percent of People with Each Score
Percentile by Number Answered
Your Score History
You have not taken this quiz